Normal view MARC view

Entry Personal Name

Number of records used in: 1

001 - CONTROL NUMBER

  • control field: 7094

003 - CONTROL NUMBER IDENTIFIER

  • control field: OSt

005 - DATE AND TIME OF LATEST TRANSACTION

  • control field: 20130310151002.0

008 - FIXED-LENGTH DATA ELEMENTS

  • fixed length control field: 130310|||a|||||| | ||| d

040 ## - CATALOGING SOURCE

  • Original cataloging agency: OSt
  • Transcribing agency: OSt

100 ## - HEADING--PERSONAL NAME

  • Personal name: Commentary by Bonner David

670 ## - SOURCE DATA FOUND

  • Source citation: Work cat.: (OSt): Commentary by Bonner David, Social security legislation 2010-2011 vol.1: non meanstested benefits and employment and support allowance / , 2010